Państwa Mające Największy Wpływ na Rynek Muzyczny - Statystyki

Ogólne statystyki
  • Ten quiz został rozwiązany 67 razy
  • Średni wynik to 9 z 10
Statystyki odpowiedzi
Hint Odpowiedź % Poprawnych
1 Stany Zjednoczone
100%
2 Wielka Brytania
97%
5 Kanada
94%
4 Niemcy
94%
3 Francja
92%
6 Japonia
90%
9 Australia
82%
7 Włochy
82%
8 Szwecja
79%
10 Irlandia
50%
Nie znaleziono quizów pasujących do podanych kryteriów
Rozkład punktacji
Procent ludzi z każdym wynikiem
Percentyl według liczby udzielonych odpowiedzi
Twoja historia wyników
Nie rozwiązałeś tego quizu